El manejo de la mercadotecnia social en las empresas de México /

שמור ב:
מידע ביבליוגרפי
מחבר ראשי: Gómez Quiroz, Liliana Verónica (autor)
פורמט: Tesis ספר
שפה:ספרדית
נושאים:
תגים: הוספת תג
אין תגיות, היה/י הראשונ/ה לתייג את הרשומה!

MARC

LEADER 00000nam^a2200000^a^4500
001 000184488
005 20250521000000.0
009 20260310102116.122
037 |a Acervo ITESO - Biblioteca 
041 |a ESP 
090 |a MKT. 17 
100 |a Gómez Quiroz, Liliana Verónica  |e (autor) 
245 1 3 |a El manejo de la mercadotecnia social en las empresas de México /  |c L.V. Gómez Quiroz. 
264 |a Guadalajara, México :  |b edición de autor,  |c 2005 
300 |a 1 disco compacto de computadora 
336 |a datos para computadora  |b cod  |2 rdacontenido 
337 |a computadora  |b c  |2 rdamedio 
338 |a disco de computadora  |b cd  |2 rdasoporte 
502 |a ITESO Tesis de Maestría en Mercadotecnia Global 
649 |a XX 
650 |a Mercadotecnia Social 
650 |a Comportamiento del Consumidor -  |z Guadalajara, Jalisco 
650 |a Comportamiento del Consumidor -  |z Jalisco 
650 |a Comportamiento del Consumidor -  |z México 
650 |a Investigación de Mercado -  |z Guadalajara, Jalisco 
650 |a Investigación de Mercado -  |z Jalisco 
650 |a Investigación de Mercado -  |z México 
650 |a Mezcla de Mercadotecnia -  |z Guadalajara, Jalisco 
650 |a Mezcla de Mercadotecnia -  |z Jalisco 
650 |a Mezcla de Mercadotecnia -  |z México 
650 |a Proceso Administrativo -  |z Guadalajara, Jalisco 
650 |a Proceso Administrativo -  |z Jalisco 
650 |a Proceso Administrativo -  |z México 
650 |a Empresas -  |z Guadalajara, Jalisco -  |x Administración 
650 |a Empresas -  |z Jalisco -  |x Administración 
650 |a Empresas -  |z México 
650 |a Ciencias Administrativas 
910 |a Fondo General 
920 |a Electrónicos - Tesis del ITESO en Disco 
905 |a 202 
901 |a 0500125234  |b IT2  |c STS  |u 20250521 
902 |a https://opac.biblio.iteso.mx/vufind/Record/000184488